|
|
|
|
| LEADER |
00000cam a2200000 a 4500 |
| 001 |
UCF0788 |
| 003 |
CL-VaPUC |
| 008 |
120607e20060100US |||||||||||||||||eng|d |
| 020 |
|
|
|a 9780596100162
|
| 082 |
0 |
4 |
|a 658.4038011
|b FEW
|2 21
|
| 100 |
0 |
|
|a Few, Stephen
|e author
|9 562508
|
| 245 |
1 |
0 |
|a Information dashboard design: the effective visual communication of data
|
| 250 |
|
|
|a 1a. ed
|
| 300 |
|
|
|a 211 p
|
| 942 |
|
|
|c BK
|
| 945 |
|
|
|d 20120607 00:00:00
|a dcastane
|
| 260 |
|
|
|b O'Reilly
|c 2006
|
| 650 |
|
0 |
|a Sistemas de información
|9 260286
|
| 650 |
|
0 |
|a Diseño gráfico
|9 266874
|
| 650 |
|
7 |
|a TABLEROS
|2 CL-VaPUC
|9 542651
|
| 650 |
|
0 |
|a Comunicación visual
|9 265349
|
| 583 |
|
|
|a last modification
|c 20130325 02:17:52
|k Rodrigo Vera
|
| 999 |
|
|
|c 347921
|d 347919
|
| 952 |
|
|
|0 0
|1 0
|4 0
|6 658_403801100000000_FEW_2006
|7 0
|8 A
|9 449666
|a BIBGIM
|b BIBGIM
|d 2019-11-22
|i 486915K
|o 658.4038011 FEW 2006
|p 486915K
|r 2025-01-15
|w 2019-11-22
|y BK
|k EST
|